| 000 | 00429nam a22001697a 4500 | ||
|---|---|---|---|
| 003 | BD-DhUIB | ||
| 005 | 20251025152054.0 | ||
| 008 | 251025b |||||||| |||| 00| 0 eng d | ||
| 040 |
_aBD-DhUIB _cBD-DhUIB |
||
| 050 | _a658.00212 | ||
| 082 | _222 | ||
| 100 |
_aLind, Douglas A. _9240 |
||
| 245 |
_astatistical techniques in business and economics/ _cby Douglas A/ Lind. |
||
| 250 | _a12th ed. | ||
| 526 | _aBBA. | ||
| 942 |
_2ddc _cBK |
||
| 999 |
_c597 _d597 |
||